000 00459nam a22001697a 4500
005 20251108164029.0
008 250721s1991 xx 000 0 ara d
082 1 4 _a47ر210/محم
100 1 _aعمارة، محمد
245 1 0 _aالإسلام و الفنون الجميلة /
264 1 _aالقاهرة :
_bدار الشروق،
_c1991.
300 _a295ص
650 1 7 _aالإسلام
650 1 7 _aالفنون
942 _2ddc
_cBK
999 _c1862
_d1862